| 000 | 01042nam a2200193 a 4500 | ||
|---|---|---|---|
| 008 | 120416s1979 ||||||||||||||||| || u | ||
| 050 | _aHD 31 Gle | ||
| 100 | _aGlew, Matthew | ||
| 245 | 1 | 4 | _aThe business organisation and it's environment, book 1 |
| 260 |
_aLondon _bHeinemann Educational Books _c1979 |
||
| 350 | _a0.00 | ||
| 650 | 0 | _aMANAGEMENT | |
| 650 | _aBUSINESS ORGANIZATION | ||
| 700 | _aWatts, Michael | ||
| 995 |
_aMAIN LIBRARY OPEN ACCESS _D0.00 _e719599 _FCBU-MAIN LIBRARY (Kitwe) _H3 _I2.95 _jHD 31 GLE _M1 _ULOST _y000463 _ZMain Library Open Access Collection |
||
| 995 |
_aANNEX COLLECTION (Main Library) _D0.00 _e709032 _FCBU-MAIN LIBRARY (Kitwe) _H2 _I2.95 _jHD 31 Gle _M3 _UAVAILABLE _y000466 _ZAnnex Low-Usage Collection |
||
| 995 |
_aANNEX COLLECTION (Main Library) _D0.00 _e709031 _FCBU-MAIN LIBRARY (Kitwe) _H4 _I2.95 _jHD 31 Gle _M4 _UAVAILABLE _y000467 _ZAnnex Low-Usage Collection |
||
| 995 |
_aANNEX COLLECTION (Main Library) _D0.00 _e719600 _FCBU-MAIN LIBRARY (Kitwe) _H1 _I2.95 _jHD 31 Gle _M2 _UAVAILABLE _y000464 _ZAnnex Low-Usage Collection |
||
| 999 |
_c77929 _d77929 |
||